| 000 | 00551cam a2200145 i 4500 | ||
|---|---|---|---|
| 020 | _a0821405217 | ||
| 040 | _cDLC | ||
| 082 | 0 | _a334 GFA 1979 C147 Or. | |
| 245 | 0 | 0 |
_aGroup farming in Asia : _bexperiences and potentials / |
| 300 |
_axvi, 296 pages : _billustrations ; _c24 cm |
||
| 500 | _a"Based on papers presented at a conference sponsored by the Regional Research and Training Programme of the Agricultural Development Council in Singapore on 22-24 August 1977." | ||
| 650 | 0 | _aAgriculture, Cooperative | |
| 700 | 1 | _aWong, John, | |
| 942 | _cAEDBB | ||
| 999 |
_c20896 _d20896 |
||